000 03772nam0a2200373 4500
001 RU\NLR\BIBL_A\016231266
005 20230425161721.0
010 _a978-5-7310-5803-2
_9200
021 _aRU
_bКН-П-22-079109
_9КН-П-22-6924
035 _a(NLR Aleph) 016231266
035 _a(RuMoRGB)011359103
090 _a12768052
_c12768052
100 _a20221207d2022 u y0rusy50 ca
101 0 _arus
102 _aRU
105 _ay z 000zy
181 0 _ai
_baxxe
182 0 _an
200 1 _aМетодические рекомендации по реализации индивидуальных образовательных траекторий по инженерной экономике, ориентированных на будущие потребности ведущих отраслей промышленности и экономики
_eучебно-методическое пособие
_fМинистерство науки и высшего образования Российской Федерации, Федеральное государственное бюджетное образовательное учреждение высшего образования "Санкт-Петербургский государственный экономический университет"
_gВ. Г. Шубаева [и др.]
203 _aТекст
_bвизуальный
_cнепосредственный
210 _aСанкт-Петербург
_cИзд-во Санкт-Петербургского государственного экономического университета
_d2022
215 _a25 с.
_d20
300 _aНа обороте тит. с. авт.: В. Г. Шубаева, И. М. Шаповалова, А. И. Бубенникова [и др.]
330 _aВ учебно-методическом пособии представлены методические рекомендации по проектированию и реализации индивидуальных образовательных траекторий в рамках основных профессиональных образовательных программ высшего образования, ориентированных на формирование профессиональных компетенций в области инженерной экономики. Методические рекомендации предназначены для основных профессиональных образовательных программ высшего образования и могут применяться разработчиками основных профессиональных образовательных программ, представителями учебных подразделений образовательных организаций при разработке основных профессиональных образовательных программ и ихактуализации
606 1 _aПромышленность
_jУчебно-методические пособия
_xЭкономика
_xКадры
_xПодготовка
_91984410
_3RU\NLR\AUTH\66910622
675 _a378.016:658.5(075.8)
_v4
686 1 _aЧ489.1я7
702 1 _aШубаева
_bВ. Г.
_gВероника Георгиевна
_4220
712 0 2 _4475
_aСанкт-Петербургский государственный экономический университет
_9364064
_3RU\NLR\AUTH\8810239206
942 _cBOOK
980 _aNB